Qantas Fleet - Statistics

General Stats
  • This quiz has been taken 40 times
    33 since last reset
  • The average score is 9 of 12
Answer Stats
In Service Aircraft % Correct
16 A330-200
96%
12 A330-300
96%
10 A380-800
96%
15 A320-200
93%
7 A220-300
81%
75 B737-800
81%
14 B787-9
78%
8 A319-100
67%
5 Dash 8-300
52%
35 Dash 8-400
52%
15 F100
48%
30 E190
41%
No matching quizzes found
Score Distribution
Percent of People with Each Score
Percentile by Number Answered
Your Score History
You have not taken this quiz since the last reset